|
|
|
|
| LEADER |
00000nam0a2200000 4500 |
| 001 |
71382 |
| 005 |
20231031082550.0 |
| 035 |
|
|
|a (RuTPU)RU\TPU\book\76004
|
| 090 |
|
|
|a 71382
|
| 100 |
|
|
|a 20041216d1971 m y0rusy50 ca
|
| 101 |
0 |
|
|a rus
|
| 102 |
|
|
|a RU
|
| 105 |
|
|
|a a j 001zy
|
| 200 |
1 |
|
|a Уравнения математической физики
|e учебное пособие для университетов по специальности "Математика" и "Механика"
|f С. К. Годунов
|
| 210 |
|
|
|a Москва
|c Наука
|d 1971
|
| 215 |
|
|
|a 416 с.
|c ил.
|
| 610 |
1 |
|
|a математическая физика
|
| 610 |
1 |
|
|a дифференциальные уравнения
|
| 610 |
1 |
|
|a сплошные среды
|
| 610 |
1 |
|
|a численные методы
|
| 610 |
1 |
|
|a уравнения
|
| 610 |
1 |
|
|a решения
|
| 610 |
1 |
|
|a учебные пособия
|
| 610 |
1 |
|
|a механика
|
| 675 |
|
|
|a 53:517(075.8)
|v 3
|
| 700 |
|
1 |
|a Годунов
|b С. К.
|g Сергей Константинович
|
| 801 |
|
1 |
|a RU
|b 63413507
|c 20041216
|g PSBO
|
| 801 |
|
2 |
|a RU
|b 63413507
|c 20130923
|g PSBO
|
| 900 |
|
|
|a Уравнения математической физики
|
| 942 |
|
|
|c BK
|
| 952 |
|
|
|a 510100
|b 010500
|